000 00479nam a2200181Ia 4500
999 _c28594
_d28594
003 OSt
005 20201119103115.0
008 190216s9999||||xx |||||||||||||| ||und||
020 _a9788126407231
040 _coclc
082 _a920
_bKES/J
100 _aKesavan, C
_96755
245 0 _aJeevitha Samaram /
_cC Kesavan
260 _bD C Books,
_aKottayam:
_c2005.
300 _a356p
650 _aAthmakadha
942 _cBK
_2ddc
_h920
_iKES/J
_k920
_mKES/J